ՀՀ Գիտությունների ազգային ակադեմիայի հիմնարար գիտական գրադարան  =   Fundamental Scientific Library of NAS RA

Пшатовое дерево / (Record no. 246675)

MARC details
000 -LEADER
fixed length control field 00602nam a2200193 a 4500
001 - CONTROL NUMBER
control field 000668112
003 - CONTROL NUMBER IDENTIFIER
control field AM-YeHGA
005 - DATE AND TIME OF LATEST TRANSACTION
control field 20250618073545.0
008 - FIXED-LENGTH DATA ELEMENTS--GENERAL INFORMATION
fixed length control field 090619s1964 ||| r 000 0 rus d
040 ## - CATALOGING SOURCE
Original cataloging agency AM-YeHGA
041 0# - LANGUAGE CODE
Language code of text/sound track or separate title rus
090 ## - LOCALLY ASSIGNED LC-TYPE CALL NUMBER (OCLC); LOCAL CALL NUMBER (RLIN)
-- 248264
100 1# - MAIN ENTRY--PERSONAL NAME
Personal name Հուրունց, Լեոնիդ Կարախանի,
Dates associated with a name 1913-1982
9 (RLIN) 2643
245 10 - TITLE STATEMENT
Title Пшатовое дерево /
Statement of responsibility, etc. Леонид Гурунц.
260 ## - PUBLICATION, DISTRIBUTION, ETC.
Place of publication, distribution, etc. Москва :
Name of publisher, distributor, etc. Правда,
Date of publication, distribution, etc. 1964.
300 ## - PHYSICAL DESCRIPTION
Extent 48 с.
440 #0 - SERIES STATEMENT/ADDED ENTRY--TITLE
Title Б-ка "Огонек"
Volume/sequential designation 28
653 0# - INDEX TERM--UNCONTROLLED
Uncontrolled term Армянская советская литература
Holdings
Withdrawn status Lost status Damaged status Not for loan Collection Home library Current library Date acquired Total checkouts Full call number Barcode Date last seen Price effective from Koha item type Public note
        General Fundamental Scientific Library Fundamental Scientific Library 29/12/2016   PI/11249 FL0116700 29/12/2016 29/12/2016 Գրքեր / Books 30 Days Loan


ՀՀ ԳԱԱ հիմնարար գիտական գրադարան
ՀՀ,Երևան 0019
Մարշալ Բաղրամյան 24/6
հեռախոս:(374-10) 52-47-50
Հետադարձ կապ

All site content, except where otherwise noted, is licensed under a
Creative Commons License